000 00619nam a22001691i 4500
001 183288
003 ES-MaACL
005 20230906221845.0
008 140206s1946 sp |||| | spa d
080 _a821.133.1-94"19"
100 1 _aDorgelès, Roland.
_9138969
245 1 0 _aTarjeta de identidad /
_cRoland Dorgelès ; [traducida del francés por María Luisa Úbeda].
260 _a[Barcelona] :
_bAgora,
_c1946 (
_f[Ideal])
300 _a120 p., [2 h. de lám.] ;
_c18 cm.
700 0 _aUbeda, María Luisa.
_9111827
852 _aES-MaACL
_jL-30001
_z.- Donat. herederos de la bibl. de Mª del Pilar Costa Palacín
999 _c183288
_d183288